000 00304nam a22001337a 4500
008 170220b xxu||||| |||| 00| 0 eng d
020 _a9780781749213
041 _aeng
080 _a615
100 _a5
101 _aSHF
245 _aFOUNDATIONS OF CLINICAL DRUG THERAPY
_cABRAMS, A.C
942 _2udc
_cBK
999 _c5857
_d5857